| 000 | 01297namaa22003011i 4500 | ||
|---|---|---|---|
| 005 | 20260405121206.0 | ||
| 008 | 260224s1994 ua a|||fr|m|| 000 0 eng d | ||
| 040 |
_aEG-GICUC _beng _cEG-GICUC _dEG-GICUC _erda |
||
| 041 | 0 |
_aeng _beng _bara |
|
| 049 | _aDeposit | ||
| 097 | _aM.Sc | ||
| 099 | _aCai01.13.05.M.Sc.1994.Mo.E | ||
| 100 | 0 |
_aMohamed Ibrahim Soliman El-Miligi, _epreparation. |
|
| 245 | 1 | 0 |
_aEffect of applied sludge depth on dewatering process in open drying beds / _cBy Mohamed Ibrahim Soliman El-Miligi ; Supervised by Prof.Dr. Ibrahim Helal El Hattab |
| 246 | 1 | 5 | _aتأثير عمق الحمأة المضافة على عملية التجفيف في أحواض التجفيف المكشوفة |
| 264 | 0 | _c1994. | |
| 300 |
_a119 Pages : _billustrations ; _c25 cm. + |
||
| 336 |
_2rda content _atext |
||
| 337 |
_2rdamedia _aUnmediated |
||
| 338 |
_2rdacarrier _avolume |
||
| 502 | _aThesis (M.Sc.) -Cairo University, 1994 | ||
| 504 | _aBibliography: pages 114 : 119 | ||
| 653 | 0 |
_acivil engineer _adrying beds |
|
| 700 | 0 |
_aIbrahim Helal El Hattab _ethesis advisor. |
|
| 900 |
_DDepartment of Civil Engineering _FFaculty of Engineering _UCairo University _b1994 _cIbrahim Helal El Hattab _dIbrahim Helal El Hattab |
||
| 905 |
_aNagat _eNourhan |
||
| 942 |
_2ddc _cTH _e21 _n0 |
||
| 999 | _c178687 | ||